000 00375nam a2200109Ia 4500
008 240129s9999 xx 000 0 und d
100 _aCHANDRAVANSHI, KAMLESH
245 0 _aDESIGN OF NEW PROTOCOL TO INCREASE LIFE TIME AND MINIMIZATION OF ROUTING OVERHEAD IN MANET
260 _bMEWAR UNIVERSITY, CHITTORGARH
_c2021
650 _aComputer Science & Engineering
942 _cTHE
999 _c218910
_d218910